| 000 | 00601nam a2200169 4500 | ||
|---|---|---|---|
| 008 | 0 1986 0a 000 0ESP | ||
| 020 | _a84-7615-126-8 | ||
| 050 | _aTK7874 H3818 | ||
| 082 | _a001.64 H744d | ||
| 100 | _aHayes, John P. | ||
| 245 | _aDiseño de Sistemas Digitales Y Microprocesadores / Jhon P. Hayes | ||
| 260 | _aEspaña: McGraw-Hill | ||
| 300 | _axvii, 873 p. / 23 cm. | ||
| 500 | _aIncluye contenido, prologo, índice y referencias. | ||
| 650 | _a1.MICROELECTRICA-MANUALES \ 2. CIRCUITOS INTEGRADOS-MANUALES | ||
| 700 | _aLloris Ruiz, Antonio, Tr. \ Vaquero S nchez, Rev. | ||
| 999 |
_c11889 _d11889 |
||